000 00967nam a22003017a 4500
003 CHAP
005 20220817041710.0
008 971013s1993 r 00010 d
010 _a21867
011 _a22839
035 _a26934
040 _cCHAP
082 _a630.7205
_bG66
100 0 0 _aGowda, C. L. L.
_eed.
245 _aApproaches to on-farm research in Asia
_b: summary proceedings...
260 _aPatancheru, Andhra Pradesh :
_bICRISAT,
_c1993
300 _a149 p.
590 _aBATCH-UPD
_b10
_c20130110
_lUCH01
_h2014
590 _aBATCH-UPD
_b10
_c20130410
_lUCH01
_h1332
590 _aBATCH-UPD
_b10
_c20130914
_lUCH01
_h2128
590 _aCONVERSION
_b10
_c20130109
_lUCH01
_h1313
650 1 4 _aAgricultura
_xAsia.
_91194
650 1 4 _aAgricultura
_xInnovaciones tecnológicas.
_91565
650 1 4 _aAgricultura
_xInvestigacion
_xAsia.
_91582
901 _aBK
942 _cLIBRO
949 _a630.7205 G66
_bBC
_cLIBRO
_d33724002205058
_eLIBRO
_h85644
_i26934
_si
999 _c21867
_d21867